| Record ID | ia:catfishthreemill0000libb |
| Source | Internet Archive |
| Download MARC XML | https://archive.org/download/catfishthreemill0000libb/catfishthreemill0000libb_marc.xml |
| Download MARC binary | https://www.archive.org/download/catfishthreemill0000libb/catfishthreemill0000libb_meta.mrc |
LEADER: 01071cam 2200337 i 4500
001 ocm01859847
003 OCoLC
005 20200721030325.0
008 751028s1976 nyua 000 0beng
010 $a 75037643
040 $aDLC$beng$cDLC$dUZV$dUBY$dOCLCF$dOCLCO$dOCLCQ$dOCLCA$dYT6
020 $a0698107365
020 $a9780698107366
035 $a(OCoLC)1859847
050 00 $aGV865.H85$bL52 1976
082 00 $a796.357/092/4$aB
100 1 $aLibby, Bill.
245 10 $aCatfish, the three million dollar pitcher /$cBill Libby.
260 $aNew York :$bCoward, McCann & Geoghegan,$c©1976.
300 $a223 pages :$billustrations ;$c22 cm
336 $atext$btxt$2rdacontent
337 $aunmediated$bn$2rdamedia
338 $avolume$bnc$2rdacarrier
600 10 $aHunter, Jim,$d1946-1999.
600 17 $aHunter, Jim,$d1946-1999$2fast$0(OCoLC)fst01730124
600 14 $aHunter, Jim$d1946-
650 0 $aBaseball.
650 7 $aBaseball.$2fast$0(OCoLC)fst00827904
650 1 $aBaseball.
994 $aZ0$bP4A
948 $hNO HOLDINGS IN P4A - 265 OTHER HOLDINGS